书目信息 |
| 题名: |
全球视野下的科技创新中心城市建设
|
|
| 作者: | 屠启宇 , 张剑涛 著 | |
| 分册: | ||
| 出版信息: | 上海 上海社会科学院出版社 2015.05 |
|
| 页数: | 209页 | |
| 开本: | 26cm | |
| 丛书名: | 上海社会科学院城市与人口发展研究丛书 | |
| 单 册: | ||
| 中图分类: | F29 | |
| 科图分类: | ||
| 主题词: | 城市建设--cheng shi jian she--技术革新--研究 | |
| 电子资源: | ||
| ISBN: | 978-7-5520-0836-4 | |
| 000 | 01320nam 2200289 450 | |
| 001 | CAL 0120151578884 | |
| 005 | 20150826171300.92 | |
| 010 | @a978-7-5520-0836-4@dCNY45.00 | |
| 100 | @a20150604d2015 em y0chiy50 ea | |
| 101 | 0 | @achi |
| 102 | @aCN@b310000 | |
| 105 | @aak a 000yy | |
| 106 | @ar | |
| 200 | 1 | @a全球视野下的科技创新中心城市建设@Aquan qiu shi ye xia de ke ji chuang xin zhong xin cheng shi jian she@f屠启宇, 张剑涛等著 |
| 210 | @a上海@c上海社会科学院出版社@d2015.05 | |
| 215 | @a209页@c图@d26cm | |
| 225 | 2 | @a上海社会科学院城市与人口发展研究丛书@Ashang hai she hui ke xue yuan cheng shi yu ren kou fa zhan yan jiu cong shu |
| 320 | @a有书目 (第205-209页) | |
| 330 | @a科技创新作为一种高度开放的活动, 必然深植于区域性和全球创新网络中。今后相当长的一段时期, 融入全球创新网络, 进而成长成为创新网络的节点 —— 科技创新中心, 将是一大批城市发展的升级版愿景。本书旨在全面梳理全球先锋城市在创新战略、产业创新、科技创新、管理创新等方面的经验与实践, 为城市创新驱动发展提供一个完整的全球坐标系。 | |
| 410 | 0 | @12001 @a上海社会科学院城市与人口发展研究丛书 |
| 586 | @a | |
| 606 | 0 | @a城市建设@Acheng shi jian she@x技术革新@x研究 |
| 690 | @aF29@v5 | |
| 701 | 0 | @a屠启宇@Atu qi yu@4著 |
| 701 | 0 | @a张剑涛@Azhang jian tao@4著 |
| 801 | 0 | @aCN@c20150820 |
| 905 | @a河南城建学院图书馆@dF29@eT923@f3 | |
| 全球视野下的科技创新中心城市建设/屠启宇, 张剑涛等著.-上海:上海社会科学院出版社,2015.05 |
| 209页:图;26cm.-(上海社会科学院城市与人口发展研究丛书) |
| ISBN 978-7-5520-0836-4:CNY45.00 |
| 科技创新作为一种高度开放的活动, 必然深植于区域性和全球创新网络中。今后相当长的一段时期, 融入全球创新网络, 进而成长成为创新网络的节点 —— 科技创新中心, 将是一大批城市发展的升级版愿景。本书旨在全面梳理全球先锋城市在创新战略、产业创新、科技创新、管理创新等方面的经验与实践, 为城市创新驱动发展提供一个完整的全球坐标系。 |
| ● |
| 相关链接 |
|
|
|
正题名:全球视野下的科技创新中心城市建设
索取号:F29/T923
 
预约/预借
| 序号 | 登录号 | 条形码 | 馆藏地/架位号 | 状态 | 备注 |
| 1 | 1233550 | 212335506 | 社科二线422/409社科库 102排5列1层/ [索取号:F29/T923] | 在馆 | |
| 2 | 1233551 | 212335515 | 社科库409/409社科库 105排1列4层/ [索取号:F29/T923] | 在馆 | |
| 3 | 1233552 | 212335524 | 社科二线422/409社科库 102排5列1层/ [索取号:F29/T923] | 在馆 |